000 00206 a2200097 4500
001 30907
100 _aNadvi
245 _aPurani Chirgh
260 _aKarachi
_bMajlis-i-Nashriyat
_c
090 _c20802
_d20802
942 _aNUST-CAE
_cM
_c12006
999 _c265980
_d265980